03079aam a2200397 i 450000100060000000300100000600500170001600700030003300800410003602000240007702000270010103500100012803500210013804000350015904100130019408200100020710000840021724500800030124600090038126400390039030000280042933600270045733700150048433800120049949000330051150000340054450505010057852014020107960000310248165000190251265000230253165000180255465000300257270000350260283000440263742676CO-MdUADB20260428111211.0ta960313s1977 sp gr 1 dspa d a8420621889qISBN-10 a9788420621883qISBN-13 a42676 a(OCoLC)778098119 cCO-MdUADBaCO-MdUADBbspaerda1 aspaheng74a142.310aKörner, Stephan,d1913-20004aut0(isni)00000001167302920(viaf)74372589eaut10aKant /cStephan Körner ; versión española de Ignacio Zapata Tellechea15aKant aMadrid :bAlianza Editorial,c1977 a206 páginas ;c20 cm. 2rdacontentatextobtxt ano mediado avolumen1 a(Alianza Universidad ;v188) aIncluye índice analítico.00tEl plan de la filosofía crítica. --tEspacio, tiempo y matemáticas. --tEl sistema de los conceptos a priori. --tEl sistema de los principios sintéticos a priori. --tLa ilusión de la metafísica. --tExposición kantiana de la experiencia moral. --tLa posibilidad de la experiencia moral y su relación con la ciencia y religión. --tLa teoría kantiana del gusto estético. --tExplicación teleológica. --tApéndice: Comentarios sobre la vida y la personalidad de Kant.3 aLa presente monografía constituye una introducción ejemplar al tema por el doble nivel, expositivo y analítico, del tratamiento. Por una parte, S. Korner ha conseguido aunar la claridad con el rigor, haciendo accesibles, sin pérdida de su profundidad, los temas fundamentales del pensamiento kantiano: la naturaleza de la metafísica y de las ciencias de la naturaleza, las condiciones a priori del conocimiento, la fundamentación de la moral, etc. Por otra parte, el libro es, a la vez que una interpretación fiel y ajustada de las concepciones kantianas en la mejor tradición de las monografías de historia de las ideas, un libro de reflexión filosófica, en la medida en que Korner que también es un filósofo no se limita a exponer las aportaciones de Kant, sino que las discute y conecta con las principales corrientes del pensamiento contemporáneo. Pese a su brevedad, el libro alcanza a ofrecer una visión muy completa del campo estudiado: tras caracterizar el proyecto global de una filosofía crítica, Korner expone los contenidos de la “Crítica de la Razón Pura”, y a continuación, las teorías acerca de la moral, la filosofía de la religión, la estética y la filosofía de la naturaleza. El volumen se completa con un apéndice acerca de la vida y la singular personalidad de Inmanuel Kant. (Resumen extraído de la cubierta del libro)14aKant, Immanuel,d1724-1804 72lembaKantismo 72lembaMetafísica 72lembaÉtica 72lembaFilosofía alemana1 aZapata Tellechea, Ignacioetrl 0aAlianza Universidad (Alianza Editorial)